Capcom's NES Games by Cover - Statistics

General Stats
  • This quiz has been taken 26 times
  • The average score is 7 of 16
Answer Stats
Picture Answer % Correct
Mega Man 3
100%
Ghosts N' Goblins
68%
Willow
64%
Yo! Noid
52%
Little Nemo The Dream Master
48%
Snow Bros.
44%
Gargoyle's Quest 2
40%
Mighty Final Fight
40%
Street Fighter 2010: The Final Fight
40%
1942
36%
Bionic Commando
36%
G.I. Joe: The Atlantis Factor
36%
Strider
36%
Legendary Wings
32%
Code Name: Viper
28%
Trojan
12%
No matching quizzes found
Score Distribution
Percent of People with Each Score
Percentile by Number Answered
Your Score History
You have not taken this quiz